| 000 | 00359nam a22001337a 4500 | ||
|---|---|---|---|
| 020 | _a9787543067028 | ||
| 082 |
_a895.1351 _bSHE |
||
| 100 | _aShen, Congwen | ||
| 245 |
_aBorder Town (Chinese Edition) / _cCongwen Shen |
||
| 260 |
_aChina : _bWuhan Press, _c2013. |
||
| 300 |
_a361 p. ; _c24 cm. |
||
| 880 |
_6245-02\r _a边城(修 / |
||
| 942 |
_2ddc _cBK |
||
| 999 |
_c591757 _d591757 |
||